| 000 | 00000nas 2200000zi 4500 |
| 001 | 9.891471 |
| 003 | CaOODSP |
| 005 | 20251128165859 |
| 006 | m o d f |
| 007 | cr cn |||||||| |
| 008 | 200915c20189999oncar p o f0###a0eng|d |
| 022 | |a2817-7657 |
| 040 | |aCaOODSP|beng|erda|cCaOODSP |
| 043 | |an-cn--- |
| 086 | 1 |aPS75-9E-PDF |
| 110 | 1 |aCanada. |bCivilian Review and Complaints Commission for the RCMP, |eauthor, |eissuing body. |
| 222 | 0|aReport on RCMP public complaints … |
| 245 | 10|aReport on RCMP public complaints … : |ball provinces and territories. |
| 246 | 3 |aReport on Royal Canadian Mounted Police public complaints |
| 264 | 1|a[Ottawa] : |bCivilian Review and Complaints Commission for the RCMP = Commission civile d'examen et de traitement des plaintes relatives à la GRC, |c[2018]- |
| 310 | |aAnnual |
| 336 | |atext|btxt|2rdacontent |
| 337 | |acomputer|bc|2rdamedia |
| 338 | |aonline resource|bcr|2rdacarrier |
| 362 | 1 |aBegan with: 2017/2018. |
| 500 | |aIssued also in French under title: Rapport sur les plaintes du public à l'endroit de la GRC … |
| 588 | |aDescription based on: 2017/2018; title from PDF cover page. |
| 588 | |aLatest issue consulted: 2021/2022. |
| 650 | 0|aPolice|xComplaints against|zCanada|vPeriodicals. |
| 650 | 0|aPolice misconduct|zCanada|vPeriodicals. |
| 650 | 0|aPolice administration|zCanada|xCitizen participation|vPeriodicals. |
| 655 | 7|aStatistics|2lcgft |
| 655 | 7|aPeriodicals|2lcgft |
| 775 | 08|tRapport sur les plaintes du public à l'endroit de la GRC … : |w(CaOODSP)9.891473 |